000 01071nam a2200337 a 4500
001 25227
003 BD-RjUL
005 20211209050841.0
008 140316s1989 nyu b 001 0 eng
020 _a0313239223 (lib. bdg. : alk. paper)
020 _a0313239223
035 _a(BD-RjUL)25296
035 _a(BD-RjUL)
040 _aLC
_beng
_cLC
_dANL:NR
_dBD-RjUL
041 _aeng
082 0 4 _a952.048
_220
_bHAN
245 0 0 _aHandbook of Japanese popular culture /
_cedited by Richard Gid Powers and Hidetoshi Kato ; associate editor, Bruce Stronach.
260 _aNew York :
_bGreenwood Press,
_cc1989.
263 _a8903
300 _axviii, 350 p. ;
_c25 cm.
504 _aIncludes bibliographies and index.
650 0 _aPopular culture
_zJapan.
_977596
651 0 _aJapan
_xCivilization
_y1945-
_977597
700 1 _aKato, Hidetoshi,
_d1930-
_977598
700 1 _aPowers, Richard Gid,
_d1944-
_977599
700 1 _aStronach, Bruce.
_977600
942 _2ddc
_cBK
999 _c25227
_d25227